000 00800nam a2200253Ia 4500
003 OSt
005 20220925213129.0
006 a|||||r|||| 00| 0
007 ta
008 220923b |||||||| |||| 00| 0 eng d
020 _a9780826491695
_c1636.26
037 _b894, 18/03/2014, Pranami Book Service
_cGeneral Book
040 _aRTL
_cRTL
_beng
041 _2eng
_aeng
082 _aY9:(R), P6
100 _aDELANDA Manuel
_9277983
245 0 _aNew philosophy of society
_b Assemblage theory and social complexity
260 _aLondon
_bBloomsbury
_c2006
300 _av, 142p.
_ccm.
500 _aBibliography: P 323-341
650 _aSociology
942 _hY9:(R), P6
_cGB
_2CC
999 _c562091
_d562091